| 000 | 01510cam a2200337 i 4500 | ||
|---|---|---|---|
| 001 | 18136374 | ||
| 003 | OSt | ||
| 005 | 20241021064526.0 | ||
| 008 | 140502s2015 nyu b 001 0deng | ||
| 010 | _a 2014016979 | ||
| 020 | _a9780814449110 | ||
| 020 | _a0814449115 | ||
| 040 |
_aDLC _beng _cDLC _erda |
||
| 042 | _apcc | ||
| 050 | 0 | 0 |
_a658.4092 K89L _b.K727 2015 |
| 082 | 0 | 0 |
_a658.4092 K89L _223 |
| 100 | 1 |
_aKrames, Jeffrey A. _9157 |
|
| 245 | 1 | 0 |
_aLead with humility : _b12 leadership lessons from Pope Francis / _cJeffrey A. Krames. |
| 264 | 1 |
_aNew York : _bAMACOM, American Management Association, _c[2015] |
|
| 300 |
_axvii, 124 pages ; _c22 cm |
||
| 336 |
_atext _btxt _2rdacontent |
||
| 337 |
_aunmediated _bn _2rdamedia |
||
| 338 |
_avolume _bnc _2rdacarrier |
||
| 504 | _aIncludes bibliographical references (pages 103-113) and index. | ||
| 505 | 0 | _aLead with humility -- Smell like your flock -- Who am I to judge? -- Don't change--reinvent -- Make inclusivity a top priority -- Avoid insularity -- Choose pragmatism over ideology -- The optics of decision making -- Run your organization like a field hospital -- Live on the frontier -- Overcoming vs. sidestepping adversity -- Pay attention to noncustomers. | |
| 600 | 0 | 0 |
_aFrancis, _cPope, _d1936- _9158 |
| 650 | 0 |
_aLeadership. _9159 |
|
| 906 |
_a7 _bcbc _corignew _d1 _eecip _f20 _gy-gencatlg |
||
| 942 |
_2ddc _cBK |
||
| 999 |
_c11169 _d11169 |
||